00392pam a2200145 a 4500020000500000040002500005041001300030082001600043100001800059245007400077260003500151300001300186365001300199653003400212 c aMedical College Lib. aENGhENG a618.05bSTU aStudd, J. . aProgress in Obstetrics & Gynaecology No. - 13 / chTextual Documents a : bChurchill Liv. , c1998. a736 ; c a1,012=00 aObst & GynacaMedical Science